000 00540nam a22002051a 4500
001 2562
003 OSt
005 20260204211817.0
008 040311s1996||||sp ||||||b||||||||||spa||
020 _a843441421x
050 _a330.122 R399e
082 _a330.122 R399e
100 _aReichheld, Frederick
245 _aEl efecto lealtad: crecimiento, beneficios y valor último / Frederick Reichheld
264 _aEspaña : Ariel
300 _a651 p.
500 _aIncluye indice
650 _a1.Economía de MercadoÌ
942 _2ddc
_cBK
999 _c2562
_d2562